When the rains drain mainly to the plain... (Record no. 70994)

MARC details
000 -LEADER
fixed length control field 01166cam a2200229 4500
001 - CONTROL NUMBER
control field ABS65825
008 - FIXED-LENGTH DATA ELEMENTS--GENERAL INFORMATION
fixed length control field 020823n2002 000 0 eng u
035 ## - SYSTEM CONTROL NUMBER
System control number (Sirsi) u119415
100 ## - MAIN ENTRY--PERSONAL NAME
Personal name Winpenny, S
245 ## - TITLE STATEMENT
Title When the rains drain mainly to the plain...
260 ## - PUBLICATION, DISTRIBUTION, ETC.
Date of publication, distribution, etc. 2002
490 ## - SERIES STATEMENT
Series statement Civil Engineering Surveyor
Volume/sequential designation July/August 2002, 24-25(2)
520 ## - SUMMARY, ETC.
Summary, etc. Discusses the problem urbanisation on flood plains and flooding. Urbanisation encourages flooding by increasing the amount of run-off into the river systems and occupying land that would otherwise be available for natural flood water storage. Looks at what can be done to minimise flooding, especially in urban areas from three perspectives: development siting and planning; sustainable drainage systems (SDS), to minimise volumes and rates of run-off arriving in rivers; river engineering, to maximise the efficient removal of run-off to the sea.
590 ## - LOCAL NOTE (RLIN)
Local note ABS
650 ## - SUBJECT ADDED ENTRY--TOPICAL TERM
Topical term or geographic name entry element FLOOD RISK AREAS
650 ## - SUBJECT ADDED ENTRY--TOPICAL TERM
Topical term or geographic name entry element PLANNING
650 ## - SUBJECT ADDED ENTRY--TOPICAL TERM
Topical term or geographic name entry element URBANISATION
650 ## - SUBJECT ADDED ENTRY--TOPICAL TERM
Topical term or geographic name entry element FLOOD PLAINS
650 ## - SUBJECT ADDED ENTRY--TOPICAL TERM
Topical term or geographic name entry element FLOOD CONTROL
690 ## - LOCAL SUBJECT ADDED ENTRY--TOPICAL TERM (OCLC, RLIN)
Topical term or geographic name as entry element ENVIRONMENTAL AND LAND CONSULTANCY-ENVIRONMENTAL MANAGEMENT
942 ## - ADDED ENTRY ELEMENTS (KOHA)
Suppress in OPAC 0
Holdings
Withdrawn status Lost status Source of classification or shelving scheme Damaged status Not for loan Home library Current library Shelving location Date acquired Total Checkouts Full call number Barcode Date last seen Copy number Price effective from Koha item type
    Dewey Decimal Classification     London London Journal article 23/08/2002   ABS65825 119415-1001 06/08/2019 1 06/08/2019 Journal article